Team of the Tournament - Championnat d'Europe de football 2020 - Statistiques

Statistiques générales
  • Ce quiz a été pris 109 fois
  • Le résultat moyen est 7 sur 11
Statistiques - réponses
Position Nationalité Joueur % Correct
Gardien de but Italie Gianluigi Donnarumma
90%
Attaquant Belgique Romelu Lukaku
89%
Défenseur Angleterre Kyle Walker
84%
Défenseur Italie Leonardo Bonucci
76%
Défenseur Angleterre Harry Maguire
75%
Attaquant Italie Federico Chiesa
71%
Milieu de terrain Espagne Pedri
60%
Attaquant Angleterre Raheem Sterling
49%
Milieu de terrain Italie Jorginho
44%
Défenseur Italie Leonardo Spinazzola
41%
Milieu de terrain Danemark Pierre-Emile Højbjerg
24%
Aucun quiz correspondant
Distribution des résultats
% des personnes avec chaque résultat
Percentile par nombre de réponses
Votre historique - résultats
Vous n’avez pas pris ce quiz